Using open source systems for digital libraries / (Record no. 122877)

MARC details
000 -LEADER
fixed length control field 00721nam a22002657a 4500
003 - CONTROL NUMBER IDENTIFIER
control field 0
005 - DATE AND TIME OF LATEST TRANSACTION
control field 20180804113409.0
008 - FIXED-LENGTH DATA ELEMENTS--GENERAL INFORMATION
fixed length control field 0
010 ## - LIBRARY OF CONGRESS CONTROL NUMBER
LC control number B-168527
020 ## - INTERNATIONAL STANDARD BOOK NUMBER
International Standard Book Number 9781591580652
Terms of availability 750.00
035 ## - SYSTEM CONTROL NUMBER
System control number B-168527, B-168528
037 ## - SOURCE OF ACQUISITION
Source of stock number/acquisition Cen Lib/Ret
040 ## - CATALOGING SOURCE
Original cataloging agency DPL
Language of cataloging EN
Transcribing agency 0
082 ## - DEWEY DECIMAL CLASSIFICATION NUMBER
Classification number 025.32
Item number RHY
100 ## - MAIN ENTRY--PERSONAL NAME
Personal name Rhyno, Art
9 (RLIN) 2845
245 ## - TITLE STATEMENT
Title Using open source systems for digital libraries /
Statement of responsibility, etc by Art Rhyno
246 ## - VARYING FORM OF TITLE
Remainder of title
260 ## - PUBLICATION, DISTRIBUTION, ETC. (IMPRINT)
Name of publisher, distributor, etc Libraries Unlimited
Date of publication, distribution, etc 2005
Place of publication, distribution, etc London
270 ## - ADDRESS
City London
300 ## - PHYSICAL DESCRIPTION
Extent xvi,160p.
Dimensions 21cm(pbk)
500 ## - GENERAL NOTE
General note Includes index
650 ## - SUBJECT ADDED ENTRY--TOPICAL TERM
Topical term or geographic name as entry element Digital libraries
9 (RLIN) 218
650 ## - SUBJECT ADDED ENTRY--TOPICAL TERM
Topical term or geographic name as entry element Library software systems
9 (RLIN) 107169
942 ## - ADDED ENTRY ELEMENTS (KOHA)
Source of classification or shelving scheme Dewey Decimal Classification
Koha item type English Books
Classification part 025.00285
Call number suffix RHY
Holdings
Withdrawn status Lost status Damaged status Not for loan Collection code Home library Current library Date acquired Source of acquisition Cost, normal purchase price Total Checkouts Full call number Barcode Date last seen Copy number Cost, replacement price Price effective from Koha item type Source of classification or shelving scheme
      Not For Loan Reference Central Library Central Library 30/05/2015 Cen Lib/Ret 750.00   025.32 RHY B-168527 30/05/2015 1 750.00 30/05/2015 English Books  
        Non-fiction Patel Nagar Patel Nagar 04/08/2018 BPPD/PUB 750.00   025.00285 RHY B-168528 04/08/2018   750.00 04/08/2018 English Books Dewey Decimal Classification

© Delhi Public Library
Hit Counter
free hit counter